V spotrebe papiera zaostávame
Pohľad na spotrebu papierových výrobkov pre domácnosť na Slovensku, ktorá zaostáva za svetovou spotrebou. Kto najčastejšie nakupuje tento sortiment. Rozdelenie papierenských výrobkov. Ako sa predávajú papierové vreckovky. Perspektívne papierové utierky.
Saved in:
| Main Author: | |
|---|---|
| Format: | Book Chapter |
| Language: | Slovak |
| Subjects: | |
| Tags: |
No Tags, Be the first to tag this record!
|
MARC
| LEADER | 00000naa a2200000 4500 | ||
|---|---|---|---|
| 001 | r047470 | ||
| 005 | 20231004094135.9 | ||
| 041 | 0 | |a slo | |
| 044 | |a SK | ||
| 245 | 1 | 0 | |a V spotrebe papiera zaostávame |c Daniel Košťál |
| 520 | |a Pohľad na spotrebu papierových výrobkov pre domácnosť na Slovensku, ktorá zaostáva za svetovou spotrebou. Kto najčastejšie nakupuje tento sortiment. Rozdelenie papierenských výrobkov. Ako sa predávajú papierové vreckovky. Perspektívne papierové utierky. | ||
| 610 | 2 | 0 | |a prieskum spotrebiteľský |
| 610 | 2 | 0 | |a papier |
| 610 | 2 | 0 | |a sortiment obchodný |
| 610 | 2 | 0 | |a spotreba |
| 100 | 1 | |a Košťál, Daniel | |